000 01462nam a2200289 4500
001 0000017477
003 CO-CtgCURN
005 20250429223959.0
007 ta
008 160627s1999 000 0 eng d
020 _a9586760650
040 _aCO-CtgCURN
_bspa
_ccoctgcurn
082 0 _a347.9
_bJ17p
100 1 _aJaramillo Castañeda, Armando.
245 1 0 _aProcedimiento civil aplicado :
_bcon jurisprudencia de la Corte Suprema de Justicia y de los tribunales superiores del pais 1982-Agosto 1998 /
_cArmando Jaramillo Castañeda.
250 _a8a ed.
260 _aBogotá :
_bEdiciones Doctrina y Ley,
_c1999.
300 _axliii, 1122 p.
336 _2rdacontent
337 _2rdamedia
_asin mediacion
_bn
338 _2rdacarrier
_avolumen
_bnc
505 8 _aNotificaciones.--Emplazamientos.--Nombramiento de curador.--Copias, certificados y desgloses.--Certificaciones.--Interrogatorio de parte.--Inspección judicial y prueba pericial.--Documentos privados.--Apoderados.--Representacion judicial.--Procesos declarativos o de conocimiento.--Resolucion de la compraventa.--Pertenencia.--Proceso ordinario de Acción reinvidicatoria.--La sociedad patrimonial entre compañeros permanentes.--Restitucion de inmueble arrendado de arrendatarios de vivienda urbana
650 1 4 _aProcedimiento civil
_zColombia.
908 _a160627
942 _cBK
_h347.9
_iJ17p
_2ddc
999 _c34173
_d34173